| 000 | 00985nam0a22002771 4500 | ||
|---|---|---|---|
| 001 | RU\NLR\INFOCOMM_195\5000031020 | ||
| 005 | 20250613091413.0 | ||
| 035 | _a(NLR Aleph) 009107748 | ||
| 090 |
_a8141143 _c8141143 |
||
| 100 | _a20090203d1984 |||y0rusy50 ca | ||
| 101 | 1 | _aspa | |
| 102 |
_aRU _aCU |
||
| 105 | _aa ||||000|y | ||
| 200 | 1 |
_aLa niña y el ganso _eFilm-cuento _f[Aut.: N. Benashvili _gDib.: D. Babichenko _gTrad.: Natalia Labzóvskaya] |
|
| 210 |
_aΜ. _aLa Habana _cBuro de propaganda del arte cinematográfico de la URSS _cGente nueva _d1984 |
||
| 215 |
_a[16] с. _cцв. ил. _d14×22 см |
||
| 300 | _aВ вып. дан.: Девочка и гусь | ||
| 300 | _aАвт. указан в вып. дан. | ||
| 686 |
_aЩ377.9(2) _2rubbk |
||
| 700 | 1 |
_9z01790 _aBenašvili _bN. I. _f1916- _gNina Ivanovna _4070 |
|
| 790 | 1 |
_9z01700 _aBenashvili _bN. _4070 |
|
| 801 | 1 |
_aRU _bNLR _c20090203 |
|
| 801 | 0 |
_aRU _bNLR _gPSBO |
|
| 852 |
_aNLR _jИс71 Д-6/112 |
||
| 942 | _cBOOK | ||
| 980 | _aNB | ||